| 000 | 00754cab a2200277 4500 | ||
|---|---|---|---|
| 001 | ABS60387 | ||
| 008 | 090401t1999 xxu||||| |||| 00| 0 eng d | ||
| 035 | _a(Sirsi) u92530 | ||
| 041 | _aeng | ||
| 100 | _aFordham, G. | ||
| 245 | _aStrategic approaches to local regeneration: the Single Regeneration Budget Challenge Fund | ||
| 260 | _c1999 | ||
| 350 | _a0 | ||
| 490 |
_aRegional Studies _v33(2) April 1999, 131-141(11) |
||
| 650 | _aCITY CHALLENGE | ||
| 650 | _aECONOMIC REGENERATION | ||
| 650 | _aLOCAL AUTHORITIES | ||
| 650 | _aRURAL CHALLENGE | ||
| 650 | _aSINGLE REGENERATION BUDGET | ||
| 650 | _aSTRATEGIES | ||
| 690 | _aURBAN RENEWAL | ||
| 700 | _aHutchinson, J. | ||
| 700 | _aFoley, P. | ||
| 942 | _n0 | ||
| 948 | _c01/04/1999 | ||
| 999 |
_c58654 _d58654 |
||